MARC details
| 000 -CABECERA |
| campo de control de longitud fija |
00948nam a2200217 a 4500 |
| 001 - NÚMERO DE CONTROL |
| campo de control |
000032463 |
| 005 - FECHA Y HORA DE LA ÚLTIMA TRANSACCIÓN |
| campo de control |
20200930065644.0 |
| 008 - DATOS DE LONGITUD FIJA--INFORMACIÓN GENERAL |
| campo de control de longitud fija |
110718s2000 dr ad 001 0 spa d |
| 040 ## - FUENTE DE LA CATALOGACIÓN |
| Centro catalogador/agencia de origen |
DO-SdBNP |
| Lengua de catalogación |
spa |
| Centro/agencia transcriptor |
BNPHU |
| 082 ## - NÚMERO DE LA CLASIFICACIÓN DECIMAL DEWEY |
| Número de clasificación |
627.52 |
| Número de documento/Ítem |
S471m |
| 110 2# - ENTRADA PRINCIPAL--NOMBRE DE ENTIDAD CORPORATIVA |
| Nombre de entidad corporativa o nombre de jurisdicción como elemento de entrada |
Seminario-Taller evaluativo de los Servicios de Asistencia Técnica y Transferencia Tecnológica del PRODAS |
| Fecha del congreso/reunión o de la firma de un tratado |
(2000 abril 27-28 : |
| Sede del congreso/Lugar de la reunión |
San Juan de la Maguana, República Dominicana) |
| 9 (RLIN) |
58417 |
| 245 10 - MENCIÓN DE TÍTULO |
| Título |
Memoria. |
| 260 ## - PUBLICACIÓN, DISTRIBUCIÓN, ETC. |
| Lugar de publicación, distribución, etc. |
San Juan de la Maguana, República Dominicana : |
| Nombre del editor, distribuidor, etc. |
Consorcio EYCA/AE/INITEC, |
| Fecha de publicación, distribución, etc. |
2000. |
| 300 ## - DESCRIPCIÓN FÍSICA |
| Extensión |
200 p. : |
| Otras características físicas |
il., tablas ; |
| Dimensiones |
22 cm. |
| 590 ## - NOTA LOCAL (RLIN) |
| Nota local |
Inventariado,2018/DG |
| 650 #4 - PUNTO DE ACCESO ADICIONAL DE MATERIA--TÉRMINO DE MATERIA |
| Término de materia o nombre geográfico como elemento de entrada |
Riego |
| Subdivisión general |
Transferencia de tecnología |
| -- |
Congresos, conferencias, etc. |
| 9 (RLIN) |
58418 |
| 650 #4 - PUNTO DE ACCESO ADICIONAL DE MATERIA--TÉRMINO DE MATERIA |
| Término de materia o nombre geográfico como elemento de entrada |
Cultivos de regadío |
| 9 (RLIN) |
15347 |
| 650 #4 - PUNTO DE ACCESO ADICIONAL DE MATERIA--TÉRMINO DE MATERIA |
| Término de materia o nombre geográfico como elemento de entrada |
Cultivos y agua |
| 9 (RLIN) |
15348 |
| 710 2# - PUNTO DE ACCESO ADICIONAL--NOMBRE DE ENTIDAD CORPORATIVA |
| Nombre de entidad corporativa o nombre de jurisdicción como elemento de entrada |
Programa de Desarrollo Agrícola de San Juan (República Dominicana) |
| 9 (RLIN) |
58419 |
| 910 ## - DATOS DE OPCIÓN DEL USUARIO (OCLC) |
| Datos de opción del usuario |
Validado. Control de calidad EMS |